Sports Quiz

Random Sports Quiz

Original NL Teams Quiz Stats

 Plays Quiz not verified by Sporcle

Challenge
Share
Tweet
Embed
Score 0/8 Timer 02:00
0 Plays Today
Team % Correct
Chicago Orphans
96.1%
Cinncinnati Reds
96.1%
Pittsburgh Pirates
92.2%
New York Giants
91.3%
St Louis Cardinals
90.3%
Boston Braves
90.3%
Brooklyn Superbas
90.3%
Philadelphia Phillies
58.3%

You're not logged in!

Compare scores with friends on all Sporcle quizzes.
OR
Log In

You Might Also Like...

Show Comments

Extras

Created Feb 25, 2010ReportNominate
Tags:original, team

Top Quizzes Today


Score Distribution

Your Account Isn't Verified!

In order to create a playlist on Sporcle, you need to verify the email address you used during registration. Go to your Sporcle Settings to finish the process.

Report this User

Report this user for behavior that violates our Community Guidelines.

Details: